[Event "Windsor NAYCC U14"]
[Site "Windsor"]
[Date "2016.08.10"]
[Round "6.79"]
[White "Cui, Kevin"]
[Black "Jeyakumar, Yathushan"]
[Result "1-0"]
[WhiteElo "1204"]
[BlackElo "1216"]
[PlyCount "119"]
[EventDate "2016.08.07"]
[EventType "swiss"]
[EventRounds "9"]
[EventCountry "CAN"]
[SourceTitle "EXT 2022"]
[Source "ChessBase"]
[SourceDate "2021.10.06"]
[SourceVersion "1"]
[SourceVersionDate "2021.10.06"]
[SourceQuality "1"]

1. e4 c5 2. Nf3 e6 3. d4 cxd4 4. Nxd4 Nc6 5. Nb3 Qc7 6. Be2 Nf6 7. Bd3 Be7 8. Nc3 a6 9. Bd2 b5 10. a3 Bb7 11. 0-0 0-0 12. Re1 Ne5 13. Be3 Neg4 14. g3 Nxe3 15. Rxe3 Rad8 16. e5 Qc6 17. Be4 Nxe4 18. Nxe4 d5 19. Ned2 d4 20. Rf3 Ba8 21. Rc1 Qc7 22. Rd3 Qxe5 23. Nf3 Bxf3 24. Qxf3 Qf6 25. Qe4 e5 26. Re1 Bd6 27. Na5 Rfe8 28. Nb7 Rc8 29. Nxd6 Qxd6 30. c3 Rc4 31. cxd4 Rxd4 32. Qxd4 Qxd4 33. Rxd4 f6 34. Rd6 Ra8 35. Rc1 Ra7 36. Rcc6 a5 37. Ra6 Rc7 38. Rxa5 b4 39. Rd2 bxa3 40. bxa3 Kf7 41. Rd1 Ke6 42. Rb5 f5 43. Ra1 e4 44. a4 Ra7 45. a5 Kd6 46. Rxf5 Kc6 47. Re5 g6 48. Rxe4 Kb5 49. Re8 Rxa5 50. Re5+ Kc6 51. Raxa5 Kd6 52. Reb5 Kc6 53. Rb1 h5 54. Rd1 Kb6 55. Ra2 Kc5 56. Rc2+ Kb4 57. Rb1+ Ka3 58. Rc8 Ka2 59. Rb5 Ka3 60. Ra8# 1-0

[Event "Windsor NAYCC U14"]
[Site "Windsor"]
[Date "2016.08.08"]
[Round "2.69"]
[White "Hawthorn, Charles"]
[Black "Jeyakumar, Yathushan"]
[Result "1-0"]
[WhiteElo "1666"]
[BlackElo "1216"]
[PlyCount "107"]
[EventDate "2016.08.07"]
[EventType "swiss"]
[EventRounds "9"]
[EventCountry "CAN"]
[SourceTitle "EXT 2022"]
[Source "ChessBase"]
[SourceDate "2021.10.06"]
[SourceVersion "1"]
[SourceVersionDate "2021.10.06"]
[SourceQuality "1"]

1. d4 Nf6 2. c4 g6 3. Nc3 Bg7 4. e4 d6 5. h3 0-0 6. Bg5 e5 7. dxe5 dxe5 8. Qxd8 Rxd8 9. Bxf6 Bxf6 10. Nd5 Nd7 11. Nxc7 Rb8 12. Nd5 Kg7 13. Nf3 Nc5 14. Nc3 Be6 15. Be2 Nd3+ 16. Bxd3 Rxd3 17. Nd5 Bxd5 18. cxd5 Rxf3 19. gxf3 Be7 20. a3 Bd6 21. Kd2 f5 22. Rac1 f4 23. Rc4 Kf6 24. h4 h6 25. h5 g5 26. Rhc1 Ke7 27. Rc8 Kd7 28. Rxb8 Bxb8 29. Kd3 Bc7 30. Rc4 Bb6 31. Ke2 Kd6 32. Rc8 Ke7 33. Rh8 Bd4 34. Rh7+ Kf6 35. Rxb7 Bc5 36. Rh7 Bd4 37. Rxh6+ Kg7 38. Rg6+ Kh7 39. b4 Bb2 40. a4 Bc3 41. b5 Bd4 42. Rxg5 Kh6 43. Rf5 Kg7 44. Kd3 Kh6 45. Rxf4 exf4 46. Kxd4 Kxh5 47. d6 Kg6 48. d7 Kg5 49. d8Q+ Kg6 50. Ke5 Kf7 51. Qf6+ Kg8 52. Qe7 a6 53. Kf6 axb5 54. Qg7# 1-0

[Event "CAN-ch U14"]
[Site "Windsor"]
[Date "2016.07.07"]
[Round "4.36"]
[White "Novakovic, David"]
[Black "Jeyakumar, Yathushan"]
[Result "1/2-1/2"]
[WhiteElo "939"]
[BlackElo "1261"]
[PlyCount "120"]
[EventDate "2016.07.05"]
[EventType "swiss"]
[EventRounds "7"]
[EventCountry "CAN"]
[SourceTitle "EXT 2022"]
[Source "ChessBase"]
[SourceDate "2021.10.06"]
[SourceVersion "1"]
[SourceVersionDate "2021.10.06"]
[SourceQuality "1"]

1. e4 c5 2. Nf3 Nc6 3. Nc3 e6 4. Bc4 Qc7 5. d3 Nf6 6. Ng5 h6 7. Nh3 a6 8. a3 b5 9. Ba2 Bd6 10. f4 e5 11. 0-0 0-0 12. f5 Bb7 13. Nd5 Qd8 14. Nxf6+ Qxf6 15. Qg4 Rfc8 16. Bd5 Rab8 17. Qg6 Qxg6 18. fxg6 Ne7 19. Bxf7+ Kh8 20. Nf2 c4 21. Nd1 Bc5+ 22. Be3 Bxe3+ 23. Nxe3 Rc6 24. dxc4 Nxg6 25. cxb5 axb5 26. b4 Nf4 27. Ng4 Rxc2 28. Rf2 Rbc8 29. Ra2 Ne2+ 30. Rxe2 Rc1+ 31. Kf2 Kh7 32. Nxe5 Rf8 33. Ke3 Rh1 34. h3 d6 35. Bg6+ Kg8 36. Nd7 Rd8 37. Nb6 Kf8 38. Nd5 Bxd5 39. exd5 Rd1 40. Rf2+ Kg8 41. Bf7+ Kh7 42. a4 bxa4 43. Rxa4 Rb1 44. Kd3 g5 45. Bh5 Rd7 46. Bg4 Rc7 47. Kd2 Rb2+ 48. Ke1 Rc1+ 49. Bd1 Rxf2 50. Kxf2 Rxd1 51. Ra7+ Kg6 52. b5 Rxd5 53. b6 Rb5 54. Rb7 Kf5 55. Rb8 Ke4 56. b7 Kd5 57. Ke3 Kc6 58. Rh8 Kxb7 59. Rxh6 Kc6 60. Kf3 Re5 1/2-1/2

[Event "CAN-ch U14"]
[Site "Windsor"]
[Date "2016.07.06"]
[Round "2.36"]
[White "Morin, Keegan"]
[Black "Jeyakumar, Yathushan"]
[Result "0-1"]
[WhiteElo "846"]
[BlackElo "1297"]
[PlyCount "54"]
[EventDate "2016.07.05"]
[EventType "swiss"]
[EventRounds "7"]
[EventCountry "CAN"]
[SourceTitle "EXT 2022"]
[Source "ChessBase"]
[SourceDate "2021.10.06"]
[SourceVersion "1"]
[SourceVersionDate "2021.10.06"]
[SourceQuality "1"]

1. e4 c5 2. Bc4 e6 3. d4 cxd4 4. Qxd4 Nc6 5. Qd2 Bb4 6. c3 Bc5 7. b4 Bb6 8. Qd6 Bc7 9. Qc5 b6 10. Qb5 a6 11. Qa4 Bb7 12. f3 b5 13. Bxb5 axb5 14. Qxb5 Ba6 15. Qh5 Nf6 16. Qg5 0-0 17. Qd2 Ne5 18. Qg5 Nd3+ 19. Ke2 Nxc1+ 20. Kd1 Nd3 21. Qd2 Bf4 22. Qe2 Qb6 23. g3 Nf2+ 24. Ke1 Bxe2 25. Kxe2 Qe3+ 26. Kf1 Nd3 27. Ne2 Qf2# 0-1

[Event "CAN-ch U12"]
[Site "Windsor"]
[Date "2015.07.08"]
[Round "4.73"]
[White "Grant, Nicholas"]
[Black "Jeyakumar, Yathushan"]
[Result "0-1"]
[WhiteElo "496"]
[BlackElo "996"]
[PlyCount "42"]
[EventDate "2015.07.06"]
[EventType "swiss"]
[EventRounds "7"]
[EventCountry "CAN"]
[SourceTitle "EXT 2022"]
[Source "ChessBase"]
[SourceDate "2021.10.06"]
[SourceVersion "1"]
[SourceVersionDate "2021.10.06"]
[SourceQuality "1"]

1. e4 c5 2. Bc4 e6 3. f4 Nc6 4. f5 Qh4+ 5. g3 Qxe4+ 6. Qe2 Qxh1 7. fxe6 Qxg1+ 8. Qf1 Qxf1+ 9. Bxf1 dxe6 10. Na3 Nf6 11. b3 Be7 12. Bb2 a6 13. 0-0-0 b5 14. Bg2 Bb7 15. d4 cxd4 16. Bxd4 Nxd4 17. Bxb7 Bxa3+ 18. Kb1 Rd8 19. Bxa6 Ne4 20. g4 Nc3+ 21. Ka1 Nxc2# 0-1

[Event "CAN-ch U12"]
[Site "Windsor"]
[Date "2015.07.07"]
[Round "3.60"]
[White "Jeyakumar, Yathushan"]
[Black "Ju, Lawrence"]
[Result "0-1"]
[WhiteElo "996"]
[BlackElo "1545"]
[PlyCount "96"]
[EventDate "2015.07.06"]
[EventType "swiss"]
[EventRounds "7"]
[EventCountry "CAN"]
[SourceTitle "EXT 2022"]
[Source "ChessBase"]
[SourceDate "2021.10.06"]
[SourceVersion "1"]
[SourceVersionDate "2021.10.06"]
[SourceQuality "1"]

1. e4 c5 2. Nf3 Nc6 3. Nc3 g6 4. d4 cxd4 5. Nxd4 Bg7 6. Be3 Nf6 7. Bc4 0-0 8. 0-0 Qb6 9. Ne6 Qxb2 10. Nxf8 Qxc3 11. Bb3 Kxf8 12. Qd3 Qxd3 13. cxd3 Ng4 14. Rfe1 Nxe3 15. Rac1 Ng4 16. h3 Nf6 17. Rcd1 Nd4 18. e5 Nh5 19. g4 Nf3+ 20. Kg2 Nxe1+ 21. Rxe1 Nf4+ 22. Kf1 Nxd3 23. Re3 Nxe5 24. Ke2 b6 25. f4 Ba6+ 26. Kd1 Nd3 27. f5 Rc8 28. fxg6 Rc1+ 29. Ke2 Re1+ 30. Kf3 Bb7+ 31. Kg3 Rg1+ 32. Kh4 hxg6 33. Rg3 g5+ 34. Kh5 Rxg3 35. Kxg5 Bf6+ 36. Kf5 e6+ 37. Kxf6 Rf3+ 38. Kg5 f6+ 39. Kh4 Nf4 40. g5 f5 41. g6 Rxh3+ 42. Kg5 Nxg6 43. Kxg6 Rg3+ 44. Kf6 f4 45. Ke5 f3 46. Bc4 Rg4 47. Bd3 Ke7 48. a3 d6# 0-1

[Event "CAN-ch U12"]
[Site "Windsor"]
[Date "2015.07.06"]
[Round "1.59"]
[White "Mah, Sean Kenneth"]
[Black "Jeyakumar, Yathushan"]
[Result "1-0"]
[WhiteElo "1866"]
[BlackElo "996"]
[PlyCount "131"]
[EventDate "2015.07.06"]
[EventType "swiss"]
[EventRounds "7"]
[EventCountry "CAN"]
[SourceTitle "EXT 2022"]
[Source "ChessBase"]
[SourceDate "2021.10.06"]
[SourceVersion "1"]
[SourceVersionDate "2021.10.06"]
[SourceQuality "1"]

1. e4 d5 2. exd5 Qxd5 3. Nc3 Qd8 4. d4 Nf6 5. Nf3 Bg4 6. Be2 Nc6 7. Be3 e6 8. h3 Bh5 9. 0-0 Bd6 10. Qd2 0-0 11. Rad1 Qe7 12. Ng5 Bg6 13. Nf3 Rad8 14. Qc1 e5 15. d5 Nb8 16. Nh4 b6 17. Nxg6 hxg6 18. Nb5 a6 19. Nxd6 Rxd6 20. c4 Rdd8 21. Qc2 Rfe8 22. Rfe1 Nbd7 23. a3 a5 24. Qa4 Nc5 25. Bxc5 Qxc5 26. b4 axb4 27. axb4 Qd6 28. Ra1 Ne4 29. Bd3 Nf6 30. f3 c6 31. Be4 cxd5 32. Rad1 Qe6 33. cxd5 Nxd5 34. Bxd5 Qf6 35. Bc6 Rxd1 36. Rxd1 Rd8 37. Rxd8+ Qxd8 38. b5 f5 39. Qa8 Qxa8 40. Bxa8 Kf7 41. Kf2 Ke6 42. Ke3 g5 43. g3 f4+ 44. gxf4 gxf4+ 45. Ke4 g6 46. Bd5+ Kd6 47. Bf7 Kc5 48. Kxe5 Kxb5 49. Kxf4 Kc5 50. Bxg6 b5 51. Kg5 b4 52. h4 Kc4 53. h5 Kc3 54. h6 b3 55. h7 b2 56. h8Q+ Kb3 57. Bb1 Kc4 58. Qd8 Kc5 59. Kf5 Kc4 60. Ke4 Kc5 61. Qd5+ Kb4 62. Qc6 Kb3 63. Kd4 Kb4 64. Qb7+ Ka5 65. Kc4 Ka4 66. Qb4# 1-0

[Event "Toronto NAYCC U10"]
[Site "Toronto"]
[Date "2013.08.18"]
[Round "9"]
[White "Jeyakumar, Yathushan"]
[Black "Liu, Bowser"]
[Result "0-1"]
[WhiteElo "849"]
[BlackElo "736"]
[PlyCount "142"]
[EventDate "2013.08.14"]
[EventType "swiss"]
[EventRounds "9"]
[EventCountry "CAN"]
[SourceTitle "EXT 2022"]
[Source "ChessBase"]
[SourceDate "2021.10.06"]
[SourceVersion "1"]
[SourceVersionDate "2021.10.06"]
[SourceQuality "1"]

1. e4 e5 2. Nc3 Nc6 3. Nf3 Nf6 4. Bb5 Bc5 5. Nxe5 Nxe5 6. d4 Bxd4 7. Qxd4 Nc6 8. Bxc6 bxc6 9. Qe5+ Qe7 10. Qxe7+ Kxe7 11. Bg5 Re8 12. Bxf6+ gxf6 13. 0-0-0 Kf8 14. g4 d6 15. f3 Re5 16. f4 Ra5 17. a3 c5 18. e5 fxe5 19. fxe5 Bxg4 20. Rdg1 Bf3 21. Rf1 Bxh1 22. Rxh1 dxe5 23. Re1 Re8 24. Nd5 c6 25. Nc7 Re7 26. Na8 Rb5 27. c4 Rb8 28. Nc7 Rxc7 29. Rxe5 Re8 30. Rxc5 Re2 31. h4 Rh2 32. Rh5 Kg8 33. Rg5+ Kh8 34. Rg4 Re7 35. Kb1 Re1+ 36. Ka2 Reh1 37. Rf4 Kg8 38. Rg4+ Kf8 39. Rd4 Rxh4 40. Rd8+ Kg7 41. Rd7 Rxc4 42. Rxa7 h5 43. Kb3 Rcc1 44. a4 h4 45. a5 h3 46. a6 Ra1 47. Ra8 Rxa6 48. Rxa6 h2 49. Rxc6 Ra1 50. Rc2 h1Q 51. Kc3 Rc1 52. Rxc1 Qxc1+ 53. Kb3 Qf4 54. Kc3 Qe4 55. b4 Kf8 56. b5 Ke8 57. b6 Kd7 58. b7 Kc7 59. b8Q+ Kxb8 60. Kb3 Qd4 61. Kc2 Qe3 62. Kb2 Qc5 63. Kb3 Qd4 64. Kc2 Qe3 65. Kb2 Qd3 66. Kc1 Qe2 67. Kb1 Kb7 68. Kc1 Kb6 69. Kb1 Kb5 70. Kc1 f5 71. Kb1 Qd2 0-1

[Event "Toronto NAYCC U10"]
[Site "Toronto"]
[Date "2013.08.16"]
[Round "4"]
[White "Bate, William"]
[Black "Jeyakumar, Yathushan"]
[Result "0-1"]
[WhiteElo "748"]
[BlackElo "849"]
[PlyCount "51"]
[EventDate "2013.08.14"]
[EventType "swiss"]
[EventRounds "9"]
[EventCountry "CAN"]
[SourceTitle "EXT 2022"]
[Source "ChessBase"]
[SourceDate "2021.10.06"]
[SourceVersion "1"]
[SourceVersionDate "2021.10.06"]
[SourceQuality "1"]

1. e4 e5 2. d3 Nc6 3. Nf3 Nf6 4. Nc3 Bb4 5. a3 Bxc3+ 6. bxc3 d6 7. d4 exd4 8. cxd4 Nxe4 9. Qe2 Qe7 10. Bg5 f6 11. Bd2 Nxd2 12. Qxe7+ Nxe7 13. Nxd2 Nc6 14. Bb5 a6 15. Bxc6+ bxc6 16. 0-0 0-0 17. Nc4 Bg4 18. f3 Bf5 19. c3 Bd3 20. Nd2 Bxf1 21. Rxf1 c5 22. dxc5 dxc5 23. Ne4 c4 24. Nd2 Rfd8 25. Nxc4 Rd3 26. Rc1 0-1

[Event "Toronto NAYCC U10"]
[Site "Toronto"]
[Date "2013.08.15"]
[Round "2"]
[White "Atchuthananthan, Arun"]
[Black "Jeyakumar, Yathushan"]
[Result "1-0"]
[WhiteElo "1032"]
[BlackElo "849"]
[PlyCount "49"]
[EventDate "2013.08.14"]
[EventType "swiss"]
[EventRounds "9"]
[EventCountry "CAN"]
[SourceTitle "EXT 2022"]
[Source "ChessBase"]
[SourceDate "2021.10.06"]
[SourceVersion "1"]
[SourceVersionDate "2021.10.06"]
[SourceQuality "1"]

1. e4 e5 2. Nf3 Nc6 3. Bb5 Nf6 4. d3 d6 5. 0-0 Bg4 6. Bg5 Bxf3 7. Qxf3 Be7 8. Nc3 Qd7 9. Nd5 Nxd5 10. exd5 Qd8 11. Bxe7 Qxe7 12. dxc6 0-0 13. cxb7 Rab8 14. Qe4 g6 15. d4 Rfe8 16. Bxe8 Qxe8 17. Rfe1 Qd7 18. Rad1 exd4 19. Rxd4 Re8 20. Qxe8+ Qxe8 21. Rxe8+ Kg7 22. b8Q f5 23. Rh4 Kf6 24. Qd8+ Kg7 25. Qe7# 1-0